| 000 | 00862cab a2200265 4500 | ||
|---|---|---|---|
| 001 | WB2903-24 | ||
| 008 | 090401t1993 xxu||||| |||| 00| 0 eng d | ||
| 035 | _a(Sirsi) u31732 | ||
| 041 | _aeng | ||
| 100 | _aBramson, David | ||
| 245 | _aGerman tough questions | ||
| 260 | _c1993 | ||
| 350 | _a0 | ||
| 490 |
_aCSW - The Property Week _v42(3) 21 January 1993, 48(1) |
||
| 520 | _aGerman institutional owners invariably keep detailed records of every property they own. So when an acquisition is made in London they expect a complete history of the building. | ||
| 650 | _aFRI LEASES | ||
| 650 | _aGERMANY | ||
| 650 | _aINSTITUTIONAL INVESTMENT | ||
| 650 | _aINWARD INVESTMENT | ||
| 650 | _aTITLE | ||
| 650 | _aWARRANTIES | ||
| 690 | _aPROPERTY-COMMERCIAL PROPERTY-COMMERCIAL PROPERTY FINANCE AND INVESTMENT | ||
| 942 | _n0 | ||
| 948 | _c04/03/1997 | ||
| 999 |
_c21301 _d21301 |
||